Basic Economic Indicators of Assets, Liabilities and Total Revenues of a Specific Enterprise in Eastern Slovakia

V nasledujúcom príspevku pokračujeme v skúmaní základných ekonomických ukazovateľov skúmaného podniku VSS, as. Košice. Konkrétne sa budeme zaoberať hlbšou analýzou základných ekonomických ukazovateľov aktív, pasív a celkových výnosov. Na základe predchádzajúceho článku, ktorý sa zaoberal prvými dvom...

Ausführliche Beschreibung

Gespeichert in:
Bibliographische Detailangaben
1. Verfasser: Potoma, Radoslav, 1992-
Weitere Verfasser: Kopčáková, Janka, 1994-, Boltun, Erik, 1984-
Format: Buchkapitel
Sprache:Englisch
Schlagworte:
Tags: Tag hinzufügen
Keine Tags, Fügen Sie das erste Tag hinzu!

MARC

LEADER 00000naa$a2200000$$$4500
001 0298841
005 20260116074007.5
041 0 |a eng 
044 |a SK 
245 1 0 |a Basic Economic Indicators of Assets, Liabilities and Total Revenues of a Specific Enterprise in Eastern Slovakia  |c Radoslav Potoma, Janka Kopčáková, Erik Boltun 
520 |a V nasledujúcom príspevku pokračujeme v skúmaní základných ekonomických ukazovateľov skúmaného podniku VSS, as. Košice. Konkrétne sa budeme zaoberať hlbšou analýzou základných ekonomických ukazovateľov aktív, pasív a celkových výnosov. Na základe predchádzajúceho článku, ktorý sa zaoberal prvými dvoma ukazovateľmi, ktorými boli zisk a tržby, sme pristúpili k skúmaniu ďalších veľmi podstatných ukazovateľov. 
610 2 0 |a majetok 
610 2 0 |a ukazovatele 
610 2 0 |a tržby 
610 2 0 |a záväzky podniku 
610 2 0 |a Slovensko 
100 1 |a Potoma, Radoslav, 1992- 
700 1 |a Kopčáková, Janka, 1994- 
700 1 |a Boltun, Erik, 1984-